书目信息 |
| 题名: |
汉族儿女
|
|
| 作者: | 浦爱达 著 | |
| 分册: | ||
| 出版信息: | 北京 外文出版社 2004.01 |
|
| 页数: | 22, 214页 | |
| 开本: | 24cm | |
| 丛书名: | 中国之光 | |
| 单 册: | ||
| 中图分类: | D442.9 | |
| 科图分类: | ||
| 主题词: | 妇女--fu nu--生活方式--历史--英文--中国 | |
| 电子资源: | ||
| ISBN: | 7-119-03549-5 | |
| 000 | 00976nam 2200289 450 | |
| 001 | 012007298397 | |
| 005 | 20071008165201.10 | |
| 010 | @a7-119-03549-5@b精装@dCNY68.00 | |
| 100 | @a20070726d2004 km y0chiy0120 ea | |
| 101 | 0 | @aeng |
| 102 | @aCN@b110000 | |
| 105 | @aa z 000yy | |
| 200 | 1 | @a汉族儿女@Ahan zu er nu@d= A daughter of Han@f(美) Ida Pruitt@F(mei)Ida Pruitt@zeng |
| 205 | @a影印版 | |
| 210 | @a北京@c外文出版社@d2004.01 | |
| 215 | @a22, 214页@c图@d24cm | |
| 225 | 2 | @a中国之光@Azhong guo zhi guang |
| 300 | @a根据CIP数据著录 | |
| 314 | @a责任者规范汉译姓为 : 浦爱达。 | |
| 330 | @a本书是以英文形式讲述中国妇女生活方式的史迹,内容丰富详细,让读者感到爱不释手,也让外国友人对中国的历史有一定的了解。 | |
| 410 | 0 | @12001 @a中国之光 |
| 510 | 1 | @aDaughter of Han@zeng |
| 606 | 0 | @a妇女@Afu nu@x生活方式@x历史@x英文@y中国 |
| 690 | @aD442.9@v4 | |
| 701 | 1 | @a浦爱达@Apu ai da@g(Pruitt, Ida)@4著 |
| 801 | 0 | @aCN@c20071008 |
| 905 | @dD442.9@eP830 | |
| 汉族儿女= A daughter of Han/(美) Ida Pruitt.-影印版.-北京:外文出版社,2004.01 |
| 22, 214页:图;24cm.-(中国之光) |
| 根据CIP数据著录 |
| ISBN 7-119-03549-5(精装):CNY68.00 |
| 本书是以英文形式讲述中国妇女生活方式的史迹,内容丰富详细,让读者感到爱不释手,也让外国友人对中国的历史有一定的了解。 |
| ● |
| 相关链接 |
|
|
|
正题名:汉族儿女
索取号:D442.9/P830
 
预约/预借
| 序号 | 登录号 | 条形码 | 馆藏地/架位号 | 状态 | 备注 |
| 1 | 250223 | 202502238 | 社科库509/509社科库 70排7列3层/ [索取号:D442.9/P830] | 在馆 |